Порівняльні життєписи (Запис № 356268)
[ простий вигляд ]
| 000 -Лідер | |
|---|---|
| fixed length control field | 00767nam a22002537a 4500 |
| 001 - Контрольний номер | |
| control field | 70104 |
| 003 - Ідентифікатор контрольного номера | |
| control field | UA-OsUOA |
| 005 - Дата та час останнього входження (трансакції) | |
| control field | 20231103143832.0 |
| 007 - Фіксоване поле фізичного опису | |
| fixed length control field | ta |
| 008 - Елементи даних фіксованої довжини – загальна інформація | |
| fixed length control field | 20100827b un ||||| |||| 00| 0 ukr d |
| 020 ## - Міжнародний стандартний книжковий номер (ISBN) | |
| Міжнародний стандартний книжковий номер (ISBN) (НП) | 5308009015 |
| 040 ## - Джерело каталогізації | |
| Агенція оригінальної каталогізації | UA-OsUOA |
| Мова каталогізації | ukr |
| Агенція, яка здійснювала перезапис | UA-OsUOA |
| Агенція, яка здійснювала модифікацію | UA-OsUOA |
| 041 ## - Код мови | |
| Код мови тексту/ звукової доріжки чи окремого заголовка (П) | ukr |
| 080 ## - Індекс Універсальної десяткової класифікації | |
| Індекс Універсальної десяткової класифікації (УДК) (НП) | 821.161.2 |
| 090 ## - Локальний шифр розміщення | |
| Класифікаційний індекс УДК | 821.161.2 |
| Авторський знак (НП) | П40 |
| 100 ## - Основне введення – ім’я особи | |
| Ім’я особи (НП) | Плутарх |
| 245 ## - Відомості про назву | |
| Назва (НП) | Порівняльні життєписи |
| Дані про відповідальність (НП) | Плутарх ; пер. з давньогр. Йосипа Кобова, Юрія Цимбалюка |
| 260 ## - Публікація, розповсюдження і т.п. (Вихідні дані) | |
| Місце публікації, розповсюдження і т.п. (П) | К. |
| Ім’я/ наймення видавництва, розповсюджувача і т.п. (П) | Дніпро |
| Дата публікації, розповсюдження і т.п. (П) | 1991 |
| 300 ## - Фізичний опис | |
| Обсяг | 440 с. |
| Інші фізичні характеристики (НП) | іл. |
| 490 ## - Область серії | |
| Назва серії | Життєписи |
| 650 #7 - Додаткове предметне введення – тематичний термін | |
| Тематичний термін чи географічна назва, як елемент введення (НП) | 82 Література. Літературознавство |
| Джерело заголовка чи терміна | UDC |
| 942 ## - Додаткові елементи входу (Коха) | |
| Тип елемента Koha | Книги |
| Source of classification or shelving scheme | Universal Decimal Classification |
| 955 ## - Код типу видання за змістом | |
| Код типу видання за змістом (НП) | Літературно-художні видання |
| Стан вилучень | Стан втрат | Джерело класифікації або схеми стелажів | Стан уражень | Не для кредиту | Постійне місце розташування | Поточне розміщення | Дата придбання | Джерело придбання | Вартість, звичайна ціна покупки | Інвентарний номер | Усього замовленно | Повний номер виклику | Штрих-код | Дата останнього перегляду | Ціна ефективна від | Тип елемента Koha | Код колекції | Вартість, ціна заміни |
|---|---|---|---|---|---|---|---|---|---|---|---|---|---|---|---|---|---|---|
| Universal Decimal Classification | АБ - Абонемент НБ | АБ - Абонемент НБ | 27/08/2010 | 69/2010 | 17.00 | 129061 | 821.161.2 П40 | 129061 | 11/05/2022 | 27/08/2010 | Книги | |||||||
| Universal Decimal Classification | АБ - Абонемент НБ | АБ - Абонемент НБ | 12/09/2017 | 34/2017 | 17.00 | 155312 | 821.161.2 П40 | 155312 | 06/02/2022 | 27/08/2010 | Книги | Колекція Жулинського М.Г. | ||||||
| Universal Decimal Classification | АБ - Абонемент НБ | АБ - Абонемент НБ | 28/05/2024 | №36/23.05.2024 | 20.00 | 821.161.2 П40 | 167556 | 28/05/2024 | 28/05/2024 | Книги | 20.00 |